Click the Correct Michael - Statistics

General Stats
  • This quiz has been taken 28,583 times
  • The average score is 14 of 20
Answer Stats
Hint Answer % Correct
Wore No. 23 with the Bulls Jordan
95%
Has won most Olympic medals than anyone else Phelps
94%
Has a hell of a right hook and a facial tattoo Tyson
89%
Is a Canadian jazz singer Bublé
82%
Wears a scary white mask and holds a chef's knife Myers
81%
Is small, green, and has only one eye Wazowski
81%
Succeeded his father as head of a mafia empire Corleone
80%
Lived in Neverland Ranch
Jackson
79%
Served as vice president of the United States Pence
77%
Won many trophies driving a Ferrari
Schumacher
77%
Has played Bruce Wayne on screen Keaton
73%
Was the regional manager of Dunder Mifflin's Scranton Branch Scott
64%
Contributed to the study of electromagnetism Faraday
62%
Makes action movies with (way too) many explosions Bay
61%
Is married to Catherine Zeta-Jones Douglas
60%
Fights crime with the help of KITT, an AI-powered car Knight
52%
Has the plans of a prison tattooed on his body Scofield
51%
Wrote a novel about a zoo with dinosaurs Crichton
49%
Makes committed documentaries Moore
48%
Has won Major League Baseball MVP Award 3 times Trout
46%
No matching quizzes found
Score Distribution
Percent of People with Each Score
Percentile by Number Answered
Your Score History
You have not taken this quiz